| 000 | 00411nam a2200157Ia 4500 | ||
|---|---|---|---|
| 008 | 240729s9999 xx 000 0 und d | ||
| 022 | _a2987-0828 | ||
| 245 | 0 | _aIndonesian Journal of Physics | |
| 260 | _aIndonesia | ||
| 260 | _bInstitut Teknologi Bandung | ||
| 650 | _a Physics | ||
| 650 | _aScience | ||
| 856 | _uhttps://doaj.org/toc/40d8eccd0754409da7b30c4c879e9b9e | ||
| 942 | _2ddc | ||
| 942 | _cDOAJEJ | ||
| 999 |
_c73408 _d73408 |
||
| 945 |
_a1 _bMadushi Gamage _c1 _dMadushi Gamage |
||